History Quiz

Random History or Artist Quiz

Those 12 Flags: Artists Quiz Stats

 Plays Quiz not verified by Sporcle

Support Sporcle.
Go Orange.
Score 0/12 Timer 03:00
0 Plays Today
% Correct
Hokusai
97.5%
Claude Monet
96.6%
Leonardo da Vinci
95.9%
Raja Ravi Varma
95.9%
Albrecht Dürer
95.6%
Roderic O'Conor
92.2%
Andy Warhol
90%
Wassily Kandinsky
88.6%
J. M. W. Turner
83%
Irma Stern
59.1%
Jean-Paul Riopelle
58.8%
Emily Kame Kngwarreye
27.7%

You're not logged in!

Compare scores with friends on all Sporcle quizzes.
OR
Log In

From the Vault

Remove Ads.
Support Sporcle.
Get the best of Sporcle when you Go Orange. This ad-free experience offers more features, more stats, and more fun while also helping to support Sporcle. Thank you for becoming a member.

Show Comments

Extras

Top Quizzes Today


Score Distribution

Your Account Isn't Verified!

In order to create a playlist on Sporcle, you need to verify the email address you used during registration. Go to your Sporcle Settings to finish the process.

Report this User

Report this user for behavior that violates our Community Guidelines.

Details: